书目信息 |
| 题名: |
以眼说话
|
|
| 作者: | 布洛克 著 ;汪弋岚 译 | |
| 分册: | ||
| 出版信息: | 北京 世界图书出版公司 2012 |
|
| 页数: | 277页 | |
| 开本: | 26cm | |
| 丛书名: | ||
| 单 册: | ||
| 中图分类: | J904 | |
| 科图分类: | ||
| 主题词: | 视觉形象 | |
| 电子资源: | ||
| ISBN: | 978-7-5100-4043-6 | |
| 000 | 01359nam0 2200289 45 | |
| 001 | 1355773389 | |
| 005 | 20130515102039.53 | |
| 010 | @a978-7-5100-4043-6@dCNY68.00 | |
| 100 | @a20130108d2012 em y0chiy50 ea | |
| 101 | 1 | @achi@ceng |
| 102 | @aCN@b110000 | |
| 105 | @aa z 000yy | |
| 106 | @ar | |
| 200 | 1 | @a以眼说话@AYi Yan Shuo Hua@dThe visual story@e影像视觉原理及应用@EYing Xiang Shi Jue Yuan Li Ji Ying Yong@f(美)布鲁斯·布洛克(Bruce A. Block)著@F( Mei ) Bu Lu Si· Bu Luo Ke (Bruce A. Block) Zhu@g汪弋岚译@zeng |
| 210 | @a北京@c世界图书出版公司@d2012 | |
| 215 | @a277页@c彩图@d26cm | |
| 300 | @a电影学院 第二期 027 | |
| 305 | @aFocal Press出版公司授权出版,据原书插图第2版译出 | |
| 330 | @a本书介绍了空间、线条和形状、影调、色彩、运动、节奏等基本视觉元素,以及如何运用这些元素驾驭视觉结构、表达人物情绪、展现故事主题,进而创造出更具表现力的影像。同时,本书也能够使读者清晰准确地认识到故事结构与电影、视频、动画和电脑游戏等视觉媒体的视觉结构间的关系。全书图文并茂,配备了大量作者自己制作的和从影片中截取的插图。 | |
| 510 | 1 | @aVisual story@zeng |
| 517 | 1 | @a影像视觉原理及应用@AYing Xiang Shi Jue Yuan Li Ji Ying Yong |
| 606 | 0 | @a视觉形象 |
| 690 | @aJ904@v5 | |
| 701 | 0 | @g(美)@a布洛克@ABu Luo Ke@g(Block, Bruce A.)@4著 |
| 702 | 0 | @a汪弋岚@AWang Yi Lan@4译 |
| 801 | @aCN@bTANGWEI@c20130112 | |
| 905 | @b0832692-95@dJ904@e251@f4 | |
| 以眼说话=The visual story:影像视觉原理及应用/(美)布鲁斯·布洛克(Bruce A. Block)著/汪弋岚译.-北京:世界图书出版公司,2012 |
| 277页:彩图;26cm |
| 电影学院 第二期 027 |
| ISBN 978-7-5100-4043-6:CNY68.00 |
| 本书介绍了空间、线条和形状、影调、色彩、运动、节奏等基本视觉元素,以及如何运用这些元素驾驭视觉结构、表达人物情绪、展现故事主题,进而创造出更具表现力的影像。同时,本书也能够使读者清晰准确地认识到故事结构与电影、视频、动画和电脑游戏等视觉媒体的视觉结构间的关系。全书图文并茂,配备了大量作者自己制作的和从影片中截取的插图。 |
| ● |
| 相关链接 |
|
|
|
|
正题名:以眼说话
索取号:J904/251
 
预约/预借
| 序号 | 登录号 | 条形码 | 馆藏地/架位号 | 状态 | 备注 |
| 1 | 0832692 | 208326925 | 第一样本阅览室/ [索取号:J904/251] | 在馆 | |
| 2 | 0832693 | 208326934 | 第一借阅区/ [索取号:J904/251] | 在馆 | |
| 3 | 0832694 | 208326943 | 密集书库-美术系/ [索取号:J904/251] | 在馆 | |
| 4 | 0832695 | 208326952 | 第一借阅区/ [索取号:J904/251] | 在馆 |